000 00551nam a2200193Ia 4500
001 28393
003 IN-NITTTR
005 20251114233351.0
008 251113s9999||||xx |||||||||||||| ||eng||
040 _beng
040 _cIN-NITTTR
041 _aeng
082 _a62011297 M323M
100 _aMarques, Ricardo
245 0 _aMetamaterials with negative parameters :
_b theory, design and microwave applications /
_cMarques, Ricardo, Martin, Ferran, Sorolla, Mario
700 _a Martin, Ferran
700 _a Sorolla, Mario
942 _2ddc
_cBK
999 _c31021
_d31021